Polski rap - Statystyki

Ogólne statystyki
  • Ten quiz został rozwiązany 277 razy
  • Średni wynik to 7 z 24
Statystyki odpowiedzi
Hint Odpowiedź % Poprawnych
100 dni do matury Mata
98%
1998 (mam to we krwi) Bedoes
84%
SZUBIENICZAPESTYCYDYBROŃ Quebonafide
80%
Jungle Boyz Malik montana
60%
Outside Kartky
54%
OKO Paluch
50%
Żyć aż do bólu Chada
47%
D. Evil White 2115
47%
Ogrody po blantach Kukon
44%
Nie pytaj co brałem Alan
26%
Laleh Blacha 2115
18%
Jeans Beteo
16%
Endorfina Filipek
14%
Młody Weles Sarius
14%
Ogarniete Joda
8%
Ból dupy Białas ft. Adm
6%
Lolitka Szopeen ft. Tymek
5%
Jeziorko Tymek ft. Kacperczyk
5%
Orange shower🍊 Vbs ft. Deys
4%
XD Rizi beizeti
2%
JCVD Słoń ft. Dope D.O.D
2%
OnaZna Trill Pem ft. Wac toja
2%
Morda Wac toja ft. Wini
1%
Molly Bandura x Hellfield ft. Beteo, Pokora
0%
Nie znaleziono quizów pasujących do podanych kryteriów
Rozkład punktacji
Procent ludzi z każdym wynikiem
Percentyl według liczby udzielonych odpowiedzi
Twoja historia wyników
Nie rozwiązałeś tego quizu